书目信息 |
| 题名: |
语言的结构
|
|
| 作者: | 云桂彬 编著 | |
| 分册: | ||
| 出版信息: | 北京 北京广播学院出版社 2000 |
|
| 页数: | 176页 | |
| 开本: | 20cm | |
| 丛书名: | ||
| 单 册: | ||
| 中图分类: | H0-06 | |
| 科图分类: | ||
| 主题词: | 语言--结构(结构主义语法)--研究 | |
| 电子资源: | ||
| ISBN: | 7-81004-941-0 | |
| 000 | 00679nam0 2200205 45 | |
| 001 | 0312091477 | |
| 005 | 20031219104122.6 | |
| 010 | @a7-81004-941-0@dCNY12.00 | |
| 100 | @a20031209d2000 km y0chiy0120 ea | |
| 101 | 0 | @achi |
| 105 | @a z 000yy | |
| 200 | 1 | @a语言的结构@AYu Yan De Jie Gou@e20世纪语言学的焦点@E20 Shi Ji Yu Yan Xue De Jiao Dian@f云桂彬编著@FYun Gui Bin Bian Zhu |
| 210 | @a北京@c北京广播学院出版社@d2000 | |
| 215 | @a176页@d20cm | |
| 517 | @a20世纪语言学的焦点@A20 Shi Ji Yu Yan Xue De Jiao Dian | |
| 606 | 0 | @a语言@x结构(结构主义语法)@x研究 |
| 690 | @aH0-06@v4 | |
| 701 | 0 | @a云桂彬@4编著 |
| 801 | @aCN@bTSTC@c20031209 | |
| 905 | @b329704-708@dH0-06@e101@f5 | |
| 语言的结构:20世纪语言学的焦点/云桂彬编著.-北京:北京广播学院出版社,2000 |
| 176页;20cm |
| ISBN 7-81004-941-0:CNY12.00 |
| ● |
| 相关链接 |
|
|
|
|
正题名:语言的结构
索取号:H0-06/101
 
预约/预借
| 序号 | 登录号 | 条形码 | 馆藏地/架位号 | 状态 | 备注 |
| 1 | 0329704 | 203297048 | 第四借阅区/ [索取号:H0-06/101] | 在馆 | |
| 2 | 0329705 | 203297057 | 第四借阅区/ [索取号:H0-06/101] | 在馆 | |
| 3 | 0329706 | 203297066 | 第四借阅区/ [索取号:H0-06/101] | 在馆 | |
| 4 | 0329707 | 203297075 | 第四借阅区/ [索取号:H0-06/101] | 在馆 | |
| 5 | 0329708 | 203297084 | 第二样本阅览室/ [索取号:H0-06/101] | 在馆 |